000 00302nam a2200109 4500
999 _c507691
_d507691
082 _aT422065x54 1957
100 _aBombay. Reserve Bank of India
_92252
245 _aStatistical tables relating to banks in India 1957
260 _aBombay
_bReserve Bank of India
_c1957
300 _av.p.
942 _2ddc